Supervisory management for healthcare organizations. (Record no. 1878)

MARC details
000 -LEADER
fixed length control field 00712nam a2200205Ia 4500
020 ## - INTERNATIONAL STANDARD BOOK NUMBER
ISBN 0697141268 (pbk)
050 ## - CALL NUMBER
Classification number RA971.H22
100 1# - AUTHOR
Personal name Haimann, Theo.
245 10 - TITLE
Title Supervisory management for healthcare organizations.
250 ## - EDITION
Edition statement 4th ed.
260 ## - PUBLICATION INFORMATION
Place of publication St. Louis, Mo. :
Name of publisher Catholic Health Association of the United States,
Year of publication c1989.
300 ## - DESCRIPTION
Number of Pages xiii, 420p.
500 ## - NOTES
General note Includes index
505 ## - FORMATTED CONTENTS NOTE
Table of Content 1. Stepping into management<br/>2. Connective process<br/>3. Planning<br/>4. Organizing<br/>5. Standing human resource management
650 #0 - SUBJECTS
Topical Term Personnel management.
650 #0 - SUBJECTS
Topical Term Supervision of employees.
650 #0 - SUBJECTS
Topical Term Supervisors.
650 #0 - SUBJECTS
Topical Term Medical care
General subdivision Organization and administration.
942 ## - ADDED ENTRY ELEMENTS (KOHA)
Koha item type Books
Holdings
Withdrawn status Lost status Collection code Home library Current library Shelving location Date acquired Full call number Accession Number Koha item type
    Reference Methodist University Library Main Methodist University Library Main General Stacks 22/01/2018 RA971.H22 10826 Books
    Reference Methodist University Library Main Methodist University Library Main General Stacks 22/01/2018 RA971.H22 10827 Books
    Reference Methodist University Library Main Methodist University Library Main General Stacks 22/01/2018 RA971.H22 10828 Books
    Non-fiction Methodist University Library Main Methodist University Library Main General Stacks 22/01/2018 RA971.H22 15395 Books
Copyright © 2026  MUG Library